[Event "Défi"]
[Site "www.echecsemail.com"]
[Date "2026.01.28"]
[Round "1"]
[White "Tiounet"]
[Black "Lancov"]
[WhiteElo "1570"]
[BlackElo "1920"]
[Result "0-1"]
1.a3 d6
2.b4 Ng8f6
3.Bc1b2 g6
4.g3 Bf8g7
5.Bf1g2 c6
6.Ng1f3 Bc8g4
7.O-O Qd8d7
8.Rf1e1 Bg4h3
9.Bg2h1 h5
10.c4 e5
11.Nb1c3 Qd7g4
12.d3 Nb8d7
13.Nf3d2 h4
14.Nd2e4 Nf6xe4
15.Nc3xe4 Nd7f6
16.Ne4xd6 Ke7
17.Nd6xb7 hxg3
18.fxg3 Nf6h5
19.Bh1xc6 f5
20.Nb7c5 Nh5xg3
21.e3 Qg4g5
22.Bc6xa8 Ng3e4
{ abandon }0-1

[Event "Tournoi n27399"]
[Site "www.echecsemail.com"]
[Date "2026.01.28"]
[Round "1"]
[White "Legrillon"]
[Black "Verson"]
[WhiteElo "1760"]
[BlackElo "1870"]
[Result "1-0"]
1.e4 e6
2.d4 d5
3.exd5 exd5
4.Ng1f3 Ng8f6
5.Bc1g5 Bc8e6
6.Bf1d3 Bf8d6
7.h3 Nb8d7
8.O-O O-O
9.c3 h6
10.Bg5h4 c6
11.b4 Qd8c7
12.Nb1d2 Rf8e8
13.a3 b6
14.Bh4xf6 Nd7xf6
15.c4 c5
16.dxc5 bxc5
17.b5 d4
18.a4 Re8e7
19.Nd2e4 Nf6xe4
20.Bd3xe4 Ra8b8
21.Qd1d3 Rb8e8
22.Rf1e1 Be6c8
23.Re1e2 Kh8
24.Ra1e1 Bc8b7
25.Kh1 Bb7xe4
26.Re2xe4 Qc7a5
27.Re4xe7 Re8xe7
28.Re1xe7 Bd6xe7
29.Nf3e5 Qa5e1
30.Kh2 Qe1xf2
31.Qd3f3 Qf2xf3
32.gxf3 f6
33.Ne5g6 Kh7
34.Ng6xe7 d3
35.Ne7d5 d2
36.Nd5c3 { abandon }1-0

[Event "Tournoi n27360"]
[Site "www.echecsemail.com"]
[Date "2026.01.28"]
[Round "1"]
[White "Louis67"]
[Black "4x4"]
[WhiteElo "1440"]
[BlackElo "1480"]
[Result "0-1"]
1.d4 d5
2.Nb1c3 e6
3.e4 dxe4
4.f3 exf3
5.Ng1xf3 Bf8b4
6.Bc1d2 Nb8c6
7.Nf3e5 Nc6xe5
8.dxe5 Bb4xc3
9.Bd2xc3 Qd8xd1
10.Ra1xd1 Bc8d7
11.Bf1e2 O-O-O
12.O-O Ng8e7
13.Rf1xf7 Ne7d5
14.Bc3d4 g6
15.Rd1f1 Bd7c6
16.Bd4c5 b6
17.Bc5d4 Rd8d7
18.Rf7f8 Rh8xf8
19.Bd4f2 Bc6b7
20.Be2b5 c6
21.Bb5c4 b5
22.Bc4e2 Nd5f4
23.Be2g4 h5
24.Bg4d1 c5
25.Bf2xc5 Rf8f7
26.g3 Nf4h3
0-1

[Event "Tournoi n27415"]
[Site "www.echecsemail.com"]
[Date "2026.01.28"]
[Round "1"]
[White "Intrigue"]
[Black "Legrillon"]
[WhiteElo "1750"]
[BlackElo "1760"]
[Result "1-0"]
1.e4 e5
2.Ng1f3 d6
3.d4 Bc8g4
4.dxe5 Bg4xf3
5.Qd1xf3 dxe5
6.Bf1c4 Ng8f6
7.Bc1g5 Bf8e7
8.Nb1c3 c6
9.O-O h6
10.Rf1d1 Nb8d7
11.Bg5xf6 Be7xf6
12.Qf3g4 h5
13.Bc4xf7 Ke7
14.Qg4e6 { abandon }1-0

[Event "Tournoi n27410"]
[Site "www.echecsemail.com"]
[Date "2026.01.28"]
[Round "1"]
[White "Tiounet"]
[Black "Voyageur"]
[WhiteElo "1560"]
[BlackElo "1650"]
[Result "1-0"]
1.a3 g6
2.b4 Bf8g7
3.Nb1c3 b6
4.Bc1b2 Bc8b7
5.Ng1f3 d6
6.g3 Nb8d7
7.Bf1g2 Ng8f6
8.O-O O-O
9.d3 c5
10.bxc5 Nd7xc5
11.Ra1b1 Ra8c8
12.d4 Nc5d7
13.e3 Qd8c7
14.Nc3b5 Qc7xc2
15.Qd1xc2 Rc8xc2
16.Nb5xa7 Rf8a8
17.Na7b5 Bb7a6
18.a4 Rc2c4
19.Nf3d2 Ba6xb5
20.axb5 Rc4c8
21.Bg2xa8 Rc8xa8
22.Nd2c4 Nf6d5
23.Rb1a1 Ra8b8
24.Ra1a7 Rb8d8
25.Rf1a1 Kf8
26.Ra7b7 Ke8
27.Rb7a7 Rd8c8
28.Ra7a8 Kd8
29.Ra8xc8 Kxc8
30.Ra1c1 Nd5c7
31.Nc4a3 Kb7
32.h4 f5
33.Rc1c2 e5
34.dxe5 dxe5
35.Rc2d2 Kc8
36.f4 Bg7f8
37.fxe5 Bf8xa3
38.Bb2xa3 Nc7xb5
39.Ba3d6 Nb5c3
40.Rd2c2 Nd7xe5
41.Rc2xc3 Kb7
42.Bd6xe5 { abandon }1-0

[Event "Tournoi n27373"]
[Site "www.echecsemail.com"]
[Date "2026.01.28"]
[Round "1"]
[White "Jyfsk"]
[Black "Ohtani"]
[WhiteElo "1790"]
[BlackElo "1649"]
[Result "0-1"]
1.e4 c5
2.d4 cxd4
3.Qd1xd4 Nb8c6
4.Qd4d1 Ng8f6
5.Bf1d3 d6
6.Ng1f3 e6
7.O-O Bf8e7
8.Bc1g5 O-O
9.Nb1c3 Bc8d7
10.Qd1d2 Ra8c8
11.a3 a6
12.Ra1b1 Qd8c7
13.Nc3e2 e5
14.Ne2g3 Bd7e6
15.Bg5xf6 Be7xf6
16.c3 Be6g4
17.Nf3e1 Nc6a5
18.f3 Bg4e6
19.Bd3c2 Na5b3
20.Bc2xb3 Be6xb3
21.Ng3f5 Rf8d8
22.Kh1 Qc7c4
23.Ne1d3 d5
24.exd5 Rd8xd5
25.f4 Rd5xd3
26.Qd2f2 exf4
27.Qf2xf4 Qc4xf4
28.Rf1xf4 Rc8d8
29.h3 Rd3d1
30.Rb1xd1 Rd8xd1
31.Kh2 Bf6e5
{ abandon }0-1

[Event "Défi"]
[Site "www.echecsemail.com"]
[Date "2026.01.28"]
[Round "1"]
[White "Chevalice"]
[Black "Intrigue"]
[WhiteElo "1680"]
[BlackElo "1760"]
[Result "1-0"]
1.e4 e6
2.d4 d5
3.e5 c5
4.b3 cxd4
5.Qd1xd4 Nb8c6
6.Qd4b2 Bf8c5
7.Ng1f3 Qd8c7
8.Bf1b5 Bc8d7
9.Bc1f4 Ng8e7
10.O-O O-O
11.c3 a6
12.Bb5xc6 Ne7xc6
13.Nf3d4 Nc6xe5
14.Qb2e2 f6
15.b4 Bc5d6
16.Bf4d2 Ne5c4
17.Bd2c1 e5
18.Nd4c2 Ra8e8
19.Nb1d2 b5
20.a3 Bd7f5
21.Nd2f3 e4
22.Nf3d4 Bf5g6
23.Nc2e3 f5
24.Ne3xd5 Bd6xh2
25.Kh1 Qc7b8
26.g3 Bh2xg3
27.fxg3 Qb8xg3
28.Bc1f4 Qg3h4
29.Qe2h2 Qh4xh2
30.Kxh2 Bg6f7
31.Nd5c7 Re8c8
32.Nc7xa6 Rc8a8
33.Na6c7 Ra8xa3
34.Nd4xf5 Ra3xc3
35.Nc7xb5 Rc3c2
36.Kh3 Bf7e6
37.Nb5d4 Be6xf5
38.Nd4xf5 Rf8xf5
39.b5 Rc2c3
40.Kg4 g6
41.Rf1d1 Rc3b3
42.Ra1a7 h5
43.Kh4 Rf5xf4
44.Kg5 Rf4g4
45.Kh6 Rb3d3
46.Rd1f1 Nc4e5
47.Ra7a8 { abandon }1-0

[Event "Tournoi n27374"]
[Site "www.echecsemail.com"]
[Date "2026.01.28"]
[Round "1"]
[White "Desaintfegor"]
[Black "Gonzok67"]
[WhiteElo "1820"]
[BlackElo "1890"]
[Result "0-1"]
1.d4 Ng8f6
2.c4 e5
3.Bc1g5 exd4
4.Qd1xd4 Bf8e7
5.e4 Nb8c6
6.Qd4e3 O-O
7.Ng1f3 d6
8.Bf1d3 b6
9.O-O Bc8b7
10.Nb1d2 Nc6b4
11.Bd3b1 c5
12.a3 Nb4c6
13.Rf1d1 Nf6g4
14.Qe3f4 Qd8d7
15.Nd2f1 Be7xg5
16.Qf4xd6 Qd7xd6
17.Rd1xd6 Bg5f4
18.Rd6d7 Ra8b8
19.Bb1c2 Ng4e5
20.Nf3xe5 Nc6xe5
21.Rd7d1 Rb8d8
22.f3 Ne5xc4
23.b3 Nc4e3
24.Nf1xe3 Bf4xe3
25.Kf1 Bb7a6
26.Ke1 f6
27.Rd1d5 Rd8xd5
28.exd5 Ba6b7
29.Ra1d1 Rf8d8
30.Ke2 Be3d4
31.Kd3 Bb7xd5
32.Rd1e1 Bd4f2
33.Ke2 Bf2xe1
{ abandon }0-1

[Event "ZGOUGOU"]
[Site "www.echecsemail.com"]
[Date "2026.01.28"]
[Round "1"]
[White "Intrigue"]
[Black "Legrillon"]
[WhiteElo "1760"]
[BlackElo "1740"]
[Result "0-1"]
1.e4 e5
2.Ng1f3 Nb8c6
3.Nb1c3 Ng8f6
4.Bf1c4 Nf6xe4
5.Nc3xe4 d5
6.Bc4xd5 Qd8xd5
7.d3 Bc8g4
8.O-O Nc6d4
9.Ne4d2 Bg4xf3
10.Nd2xf3 Bf8d6
11.Nf3xd4 Qd5xd4
12.c3 Qd4d5
13.Bc1e3 O-O
14.h3 c5
15.c4 Qd5e6
16.Qd1c2 b6
17.a4 a5
18.b3 h6
19.Ra1e1 f5
20.f4 e4
21.dxe4 fxe4
22.Qc2c1 Rf8f5
23.Qc1d2 Ra8d8
24.Qd2f2 Rd8f8
25.Re1d1 Bd6xf4
26.Be3xf4 Rf5xf4
27.Qf2e2 Rf4xf1
28.Rd1xf1 e3
29.Rf1f3 Rf8xf3
30.gxf3 Qe6g6
31.Kh2 Qg6d6
32.Kg2 Qd6d2
33.Kf1 Qd2c3
34.Qe2d1 Qc3e5
35.Qd1d5 Qe5xd5
36.cxd5 Kf7
37.Ke2 Kf6
38.d6 Ke6
39.d7 Kxd7
40.Kxe3 Kd6
41.Ke4 Ke6
42.h4 g6
43.f4 h5
44.Kf3 Kd5
45.Ke3 c4
46.bxc4 Kxc4
47.Kd2 Kb4
{ abandon }0-1

[Event "ZGOUGOU"]
[Site "www.echecsemail.com"]
[Date "2026.01.28"]
[Round "1"]
[White "Intrigue"]
[Black "Youliyouli"]
[WhiteElo "1760"]
[BlackElo "1870"]
[Result "0-1"]
1.e4 e5
2.Ng1f3 Nb8c6
3.Nb1c3 Ng8f6
4.Bf1c4 Bf8c5
5.O-O a6
6.h3 b5
7.Bc4d5 Nf6xd5
8.Nc3xd5 d6
9.d3 Bc8e6
10.Nd5c3 O-O
11.a3 f5
12.exf5 Be6xf5
13.Bc1g5 Qd8d7
14.Rf1e1 Bf5xh3
15.gxh3 Qd7xh3
16.Nc3e4 Rf8xf3
17.Ne4xc5 dxc5
18.Re1e3 Nc6d4
19.Qd1f1 Qh3g4
20.Kh1 Qg4xg5
21.Qf1g2 Qg5xg2
22.Kxg2 Rf3xe3
23.fxe3 Nd4xc2
24.Ra1c1 Nc2xe3
25.Kf3 Ne3d5
26.Rc1xc5 Ra8d8
27.b4 Kf7
28.Ke4 Nd5f6
29.Kxe5 Nf6d7
{ abandon }0-1

[Event "Tournoi n27409"]
[Site "www.echecsemail.com"]
[Date "2026.01.28"]
[Round "1"]
[White "Fouvolant"]
[Black "Smaug"]
[WhiteElo "1410"]
[BlackElo "1410"]
[Result "1-0"]
1.e4 c6
2.d4 d5
3.e5 Bc8f5
4.h4 h6
5.g4 Bf5h7
6.e6 f6
7.h5 f5
8.Bf1d3 fxg4
9.Bd3xh7 Rh8xh7
10.Qd1d3 Rh7h8
11.Qd3g6 1-0

[Event "Tournoi n27403"]
[Site "www.echecsemail.com"]
[Date "2026.01.28"]
[Round "1"]
[White "Nogean"]
[Black "Tiounet"]
[WhiteElo "1690"]
[BlackElo "1600"]
[Result "1-0"]
1.c4 b6
2.Nb1c3 Bc8b7
3.Ng1f3 g6
4.g3 Bf8g7
5.Bf1g2 Ng8f6
6.O-O O-O
7.d3 c5
8.Bc1e3 d6
9.Qd1d2 Nb8d7
10.Be3h6 Nd7e5
11.Nf3xe5 Bb7xg2
12.Kxg2 dxe5
13.Qd2g5 e4
14.dxe4 Qd8d7
15.Bh6xg7 Kxg7
16.Ra1d1 Qd7c6
17.Nc3d5 Rf8e8
18.Qg5e5 Qc6d6
19.Qe5xd6 exd6
20.Nd5c7 Nf6xe4
21.Nc7xa8 Re8xa8
22.f3 Ne4f6
23.Rd1xd6 Ra8e8
24.e4 Re8e7
25.Rf1d1 h5
26.Rd1e1 Nf6e8
27.Rd6d8 Ne8f6
28.e5 Nf6d7
29.f4 Kh7
30.Rd8a8 f6
31.Ra8xa7 fxe5
32.Re1xe5 Re7g7
33.Re5e8 { abandon }1-0

[Event "Défi( 20J+48H/c 20J Max )"]
[Site "www.echecsemail.com"]
[Date "2026.01.28"]
[Round "1"]
[White "Jeff75019"]
[Black "Patau"]
[WhiteElo "1460"]
[BlackElo "1700"]
[Result "1/2-1/2"]
1.e4 e5
2.Ng1f3 Nb8c6
3.Bf1c4 Ng8f6
4.Nf3g5 Bf8c5
5.Bc4xf7 Ke7
6.Bf7c4 Rh8f8
7.Qd1f3 h6
8.Ng5h3 d5
9.Bc4d3 Nf6xe4
10.Bd3xe4 Rf8xf3
11.gxf3 dxe4
12.fxe4 Bc8xh3
13.Nb1c3 Qd8d4
14.Nc3d1 Qd4xe4
{ nul }1/2-1/2

[Event "Eq:les modestes-modesty :"]
[Site "www.echecsemail.com"]
[Date "2026.01.28"]
[Round "1"]
[White "Nick"]
[Black "Letyjo"]
[WhiteElo "2830"]
[BlackElo "2760"]
[Result "1/2-1/2"]
1.d4 Ng8f6
2.c4 Nb8c6
3.Nb1c3 d5
4.Ng1f3 e6
5.Bc1g5 Bf8e7
6.e3 O-O
7.Ra1c1 h6
8.Bg5f4 Be7d6
9.Bf4g3 Bd6xg3
10.hxg3 Qd8e7
11.a3 Rf8d8
12.Qd1c2 Nc6b8
13.Bf1e2 Nb8d7
14.g4 Nf6xg4
15.cxd5 Nd7f6
16.dxe6 Bc8xe6
17.e4 c5
18.d5 Be6d7
19.O-O b5
20.Rc1d1 Bd7e8
21.Nf3h4 Qe7d6
22.g3 Be8d7
23.Nc3xb5 Bd7xb5
24.Be2xb5 Ng4e3
25.fxe3 Qd6xg3
26.Qc2g2 Qg3xh4
27.e5 Nf6h7
28.Bb5d3 Nh7g5
29.Bd3f5 Qh4a4
30.Rd1d2 Qa4b3
31.e6 Qb3xe3
32.Kh1 Rd8d6
33.Qg2h2 Ng5e4
34.Rd2g2 Rd6xd5
35.Qh2h5 Ne4g3
36.Rg2xg3 Qe3xg3
37.Qh5xf7 Kh8
38.e7 Qg3h4
39.Kg1 { nul }1/2-1/2

[Event "Eq:les modestes-modesty :"]
[Site "www.echecsemail.com"]
[Date "2026.01.28"]
[Round "1"]
[White "Letyjo"]
[Black "Nick"]
[WhiteElo "2760"]
[BlackElo "2830"]
[Result "1/2-1/2"]
1.e4 c5
2.Ng1f3 e6
3.Nb1c3 a6
4.d4 cxd4
5.Nf3xd4 b5
6.Bf1d3 Bc8b7
7.O-O Nb8c6
8.Nd4xc6 Bb7xc6
9.Rf1e1 Bf8d6
10.e5 Bd6c7
11.Qd1g4 Ng8e7
12.Bc1g5 h6
13.Bg5h4 g5
14.Bh4g3 h5
15.Qg4xg5 Ne7g6
16.Qg5xd8 Bc7xd8
17.h3 h4
18.Bg3h2 Bd8a5
19.f3 Ke7
20.Kh1 Rh8h5
21.a3 Ra8c8
22.Bd3xg6 fxg6
23.Re1e3 Bc6a8
24.Ra1d1 Rc8c4
25.Rd1d3 g5
26.b3 Rc4c7
27.b4 Ba5b6
28.Re3e2 Rh5h8
29.Nc3d1 Ba8d5
30.Re2d2 Rh8c8
31.c3 Bd5b3
32.Bh2g1 Bb6xg1
33.Kxg1 Bb3xd1
34.Rd2xd1 Ke8
35.Rd1d2 Rc7xc3
36.Rd3xd7 Rc3xa3
37.Rd7a7 Rc8c4
38.Ra7g7 Rc4xb4
39.Rg7g8 Kf7
{ nul }1/2-1/2

[Event "1801"]
[Site "www.echecsemail.com"]
[Date "2026.01.28"]
[Round "1"]
[White "Qsdmlk"]
[Black "4x4"]
[WhiteElo "1550"]
[BlackElo "1440"]
[Result "0-1"]
1.d4 d5
2.Ng1f3 e6
3.Bc1f4 Bf8d6
4.Bf4xd6 cxd6
5.e3 Nb8c6
6.Bf1b5 Bc8d7
7.O-O Ng8f6
8.Nb1d2 a6
9.Bb5a4 b5
10.Ba4b3 Nf6e4
11.a4 f5
12.Nd2xe4 fxe4
13.Nf3d2 b4
14.c3 bxc3
15.bxc3 Nc6a5
16.Bb3a2 Na5c4
17.Ba2b3 Qd8c7
18.f3 Ra8b8
19.fxe4 Nc4xd2
20.Qd1xd2 Rb8xb3
21.e5 Qc7xc3
22.Qd2d1 Qc3xe3
23.Kh1 dxe5
24.dxe5 Rb3d3
25.Qd1c2 Ke7
26.Rf1f3 Rd3c3
27.Qc2b2 Qe3xe5
28.Rf3xc3 Rh8e8
29.Qb2b7 Qe5xc3
30.Qb7xa6 Qc3xa1
{ abandon }0-1

[Event "Tournoi échelle division 1"]
[Site "www.echecsemail.com"]
[Date "2026.01.28"]
[Round "1"]
[White "Domenico"]
[Black "Pgo"]
[WhiteElo "1790"]
[BlackElo "1730"]
[Result "0-1"]
1.e4 e5
2.Bf1c4 Bf8c5
3.Ng1f3 d6
4.O-O Ng8f6
5.d3 O-O
6.Bc1e3 Nb8d7
7.Nb1c3 a6
8.d4 exd4
9.Be3xd4 Bc5xd4
10.Nf3xd4 Rf8e8
11.Nd4f5 Nd7e5
12.Bc4b3 Nf6xe4
13.Nf5h6 gxh6
14.Nc3xe4 Bc8e6
15.Qd1h5 Be6xb3
16.cxb3 Ne5g6
17.Ra1e1 d5
18.Ne4g3 Qd8g5
19.Re1xe8 Ra8xe8
20.Qh5d1 c6
21.a4 Ng6f4
22.b4 h5
23.Qd1f3 h4
24.Ng3h1 Nf4e2
25.Qf3xe2 Re8xe2
{ abandon }0-1

[Event "Défi"]
[Site "www.echecsemail.com"]
[Date "2026.01.28"]
[Round "1"]
[White "Fr7d"]
[Black "Prince"]
[WhiteElo "1650"]
[BlackElo "1880"]
[Result "1-0"]
1.d4 d5
2.Bc1f4 e6
3.Ng1f3 Nb8c6
4.Nb1d2 Bf8d6
5.Bf4xd6 Qd8xd6
6.e3 Ng8f6
7.Bf1b5 Qd6d8
8.Bb5xc6 bxc6
9.Nf3e5 Bc8b7
10.Nd2b3 Nf6d7
11.Ne5xd7 Qd8xd7
12.Nb3c5 Qd7c8
13.O-O O-O
14.Qd1g4 a5
15.b3 Bb7a6
16.Rf1e1 Qc8d8
17.e4 Ba6c8
18.Qg4e2 Qd8f6
19.e5 Qf6h4
20.c3 f5
21.Ra1b1 f4
22.Rb1b2 f3
23.gxf3 Qh4h3
24.f4 Rf8xf4
25.f3 Rf4xf3
26.Qe2g2 Qh3xg2
27.Rb2xg2 Rf3xc3
28.Re1f1 Bc8a6
29.Rf1e1 Ba6c8
30.Rg2f2 Bc8a6
31.Nc5xe6 Ra8d8
32.Ne6xd8 { abandon }1-0

[Event "Eq:La Diagonale du Fou-LES CHATTERBOX :"]
[Site "www.echecsemail.com"]
[Date "2026.01.28"]
[Round "1"]
[White "Janolapin"]
[Black "Foxie519"]
[WhiteElo "1740"]
[BlackElo "1680"]
[Result "1/2-1/2"]
1.e4 e6
2.d4 d6
3.Ng1f3 h6
4.Bf1e2 g6
5.Bc1e3 Bf8g7
6.c3 Ng8e7
7.O-O O-O
8.Nb1a3 Kh7
9.Na3c2 Ne7g8
10.Qd1d3 f5
11.exf5 exf5
12.Ra1d1 c6
13.Rf1e1 Bc8e6
14.b3 Nb8d7
15.c4 d5
16.c5 Nd7f6
17.Nf3d2 b5
18.Nc2b4 Qd8d7
19.f3 a5
20.Nb4c2 b4
21.Be2f1 Nf6h5
22.Qd3e2 f4
23.Be3f2 g5
24.Qe2xe6 Qd7xe6
25.Re1xe6 Ra8c8
26.Rd1e1 Bg7f6
27.Bf1d3 Kh8
28.Nd2f1 Nh5g7
29.Re6e2 Rf8e8
30.Bd3g6 Re8xe2
31.Re1xe2 Ng8e7
32.Bg6d3 Ng7f5
33.g4 fxg3
34.hxg3 h5
35.Nc2e3 Nf5xd4
36.Re2e1 Nd4xf3
37.Kg2 Nf3xe1
38.Bf2xe1 d4
39.Ne3c4 Rc8a8
40.Be1f2 Kg7
41.Nf1d2 Ne7d5
42.Nd2e4 g4
43.Ne4xf6 Kxf6
44.Bf2xd4 Kg5
45.Bd4b2 a4
46.Bb2c1 Kf6
47.Nc4e3 Nd5c3
48.Bc1b2 axb3
49.Bb2xc3 bxc3
50.axb3 Ra8a2
51.Ne3c2 Ra2b2
52.b4 Ke5
53.Kf2 Kd5
54.Ke3 Rb2a2
55.Kf4 Ra2a8
56.Bd3e4 Ke6
57.Be4xc6 Ra8h8
58.Bc6e4 Kf6
59.c6 Rh8c8
60.b5 Rc8b8
61.Be4f5 Rb8xb5
62.Nc2d4 Rb5c5
63.Bf5d7 c2
64.Nd4xc2 Rc5xc2
65.Bd7e8 Ke7
66.Be8xh5 Rc2xc6
67.Kxg4 Kf6
68.Kh4 Rc6c4
69.g4 Rc4c5
70.Kg3 Kg5
71.Kf3 Rc5c6
72.Ke4 Rc6f6
73.Kd5 { nul }1/2-1/2

[Event "Tournoi n27406"]
[Site "www.echecsemail.com"]
[Date "2026.01.28"]
[Round "1"]
[White "Albescab"]
[Black "Aramis"]
[WhiteElo "1620"]
[BlackElo "1580"]
[Result "1-0"]
1.d4 d5
2.e3 e6
3.Ng1f3 Bf8e7
4.Nb1c3 Ng8f6
5.Bf1d3 O-O
6.Bc1d2 a6
7.e4 dxe4
8.Nc3xe4 Nf6xe4
9.Bd3xe4 c6
10.O-O Nb8d7
11.c3 Qd8b6
12.b4 Nd7f6
13.Be4d3 h6
14.Bd2e3 Nf6g4
15.Bd3c2 Ng4xe3
16.fxe3 a5
17.Qd1d3 axb4
18.Qd3h7 1-0

[Event "Défi( 10J+24H/c 10J Max )"]
[Site "www.echecsemail.com"]
[Date "2026.01.28"]
[Round "1"]
[White "Artabam"]
[Black "Minon"]
[WhiteElo "1000"]
[BlackElo "1940"]
[Result "0-1"]
1.e4 e5
2.Ng1f3 Bf8c5
3.Bf1c4 d6
4.O-O Bc8g4
5.Qd1e1 Bg4xf3
6.gxf3 Nb8c6
7.Nb1c3 Nc6d4
8.Qe1d1 Qd8f6
9.Nc3d5 Qf6d8
10.a4 c6
11.Nd5c3 Qd8f6
12.Nc3e2 Qf6g5
13.Ne2g3 Qg5f6
14.Ng3h5 Qf6g5
15.Kh1 Qg5xh5
16.Rf1g1 Qh5xf3
17.Rg1g2 Qf3xd1
18.Bc4f1 Qd1xf1
19.Rg2g1 Qf1xf2
20.c3 Nd4e2
21.Rg1d1 Ne2g1
22.d3 Qf2f3
0-1

[Event "Défi"]
[Site "www.echecsemail.com"]
[Date "2026.01.28"]
[Round "1"]
[White "Castor"]
[Black "Jm29"]
[WhiteElo "1340"]
[BlackElo "1520"]
[Result "0-1"]
1.d4 d5
2.c4 Ng8f6
3.Nb1c3 e6
4.f3 Bf8b4
5.Bc1d2 O-O
6.e4 dxe4
7.Bd2g5 h6
8.Bg5h4 Bb4e7
9.Bh4g3 b6
10.Nc3b5 a6
11.Nb5c3 Be7b4
12.a3 Bb4d6
13.Bg3f2 exf3
14.Qd1xf3 c6
15.Bf1d3 Qd8e8
16.Bf2e3 e5
17.Nc3e4 Bd6c7
18.d5 cxd5
19.Ne4xf6 gxf6
20.Qf3xf6 Bc7d8
21.Qf6xh6 e4
22.Bd3e2 Qe8e5
23.Ra1b1 Bd8f6
24.Rb1d1 Bf6g7
25.Qh6h4 f6
26.Qh4g4 Bc8xg4
27.Be2xg4 Qe5xb2
28.Bg4h3 Qb2xa3
29.Be3f4 b5
30.Bh3e6 Kh8
31.Ng1e2 bxc4
32.Be6xd5 Ra8a7
33.O-O Nb8d7
34.Bf4e3 Qa3xe3
35.Kh1 Qe3xe2
36.Rd1e1 Qe2h5
37.Bd5xe4 Nd7c5
38.Be4f3 Qh5h6
39.h3 Nc5d3
40.Re1e4 f5
41.Re4xc4 Nd3e5
42.Rc4a4 Ne5xf3
43.Rf1xf3 Ra7c7
44.Rf3a3 Rc7c1
45.Kh2 Qh6d6
46.g3 Qd6d2
0-1

[Event "Coupe Niveau 4"]
[Site "www.echecsemail.com"]
[Date "2026.01.28"]
[Round "1"]
[White "Luc20"]
[Black "Domenico"]
[WhiteElo "1840"]
[BlackElo "1820"]
[Result "1-0"]
1.d4 d5
2.Ng1f3 Bc8f5
3.Bc1f4 e6
4.c4 Bf8b4
5.Nb1d2 Nb8d7
6.a3 Bb4a5
7.b4 c6
8.bxa5 Qd8xa5
9.e3 dxc4
10.Bf1xc4 b5
11.Bc4e2 Ng8f6
12.O-O O-O
13.Nf3e5 Nf6d5
14.Ne5xd7 Rf8d8
15.Nd7c5 Nd5c3
16.Qd1e1 f6
17.Be2f3 e5
18.Nd2b3 Qa5b6
19.dxe5 fxe5
20.Bf4xe5 Nc3d5
21.Bf3e4 Bf5xe4
22.Nc5xe4 a5
23.Be5d4 Qb6c7
24.Nb3c5 b4
25.Nc5e6 Qc7e7
26.Ne6xd8 Qe7xe4
27.Nd8xc6 Ra8a6
28.Nc6e5 Ra6h6
29.axb4 Qe4h4
30.Ne5f3 Qh4d8
31.bxa5 Rh6g6
32.Qe1c1 Qd8a8
33.Qc1c4 Kh8
34.a6 Nd5e7
35.Kh1 Ne7f5
36.Bd4e5 h5
37.Rf1g1 Nf5d6
38.Be5xd6 Rg6xd6
39.a7 { abandon }1-0

[Event "Tournoi n27422"]
[Site "www.echecsemail.com"]
[Date "2026.01.28"]
[Round "1"]
[White "Albescab"]
[Black "Tiounet"]
[WhiteElo "1610"]
[BlackElo "1570"]
[Result "1-0"]
1.e4 a6
2.Bf1c4 e6
3.d4 b5
4.Bc4d3 Bc8b7
5.Ng1f3 Ng8f6
6.e5 Nf6d5
7.Bc1d2 g6
8.Nb1c3 Bf8g7
9.Bd2g5 Qd8c8
10.Nc3xd5 Bb7xd5
11.Bg5f6 O-O
12.O-O d6
13.Bd3e2 dxe5
14.dxe5 c5
15.Nf3g5 Nb8c6
16.f4 Nc6b4
17.a3 Nb4c6
18.Be2f3 Bd5xf3
19.Qd1xf3 Nc6d4
20.Qf3h3 h5
21.c3 Qc8c6
22.cxd4 cxd4
23.Ra1c1 Qc6d5
24.Qh3d3 Ra8c8
25.Ng5e4 Bg7h6
26.Bf6g5 Bh6xg5
27.Ne4xg5 Rc8a8
28.Ng5e4 Kg7
29.Ne4f6 Qd5d8
30.Rf1d1 Ra8b8
31.Qd3e4 Qd8b6
32.Nf6d7 Qb6a7
33.Nd7xf8 Kxf8
34.Rd1xd4 { abandon }1-0

[Event "Michael Tal 30"]
[Site "www.echecsemail.com"]
[Date "2026.01.28"]
[Round "1"]
[White "Emmanuel"]
[Black "Karkaskat"]
[WhiteElo "1950"]
[BlackElo "2060"]
[Result "1-0"]
1.e4 c5
2.Nb1c3 Nb8c6
3.Ng1f3 d6
4.d4 cxd4
5.Nf3xd4 Ng8f6
6.Bf1b5 Bc8d7
7.O-O g6
8.f4 Bf8g7
9.Nd4f3 a6
10.Bb5a4 b5
11.Ba4b3 O-O
12.Qd1e1 Nc6a5
13.Qe1h4 Na5xb3
14.axb3 h6
15.e5 dxe5
16.fxe5 g5
17.Nf3xg5 hxg5
18.Bc1xg5 Qd8b6
19.Kh1 Nf6h7
20.Bg5xe7 Rf8e8
21.Be7f6 Bg7xf6
22.exf6 Re8e6
23.Qh4g4 { abandon }1-0

[Event "Tournoi n27397"]
[Site "www.echecsemail.com"]
[Date "2026.01.28"]
[Round "1"]
[White "Katastrofic"]
[Black "Mokanne"]
[WhiteElo "1370"]
[BlackElo "1420"]
[Result "1-0"]
1.e4 a6
2.Bf1c4 c6
3.a3 b5
4.Bc4a2 Bc8b7
5.d3 g6
6.Bc1d2 e6
7.Ng1f3 f6
8.O-O Bf8g7
9.d4 Ng8e7
10.c3 Bb7c8
11.b4 d6
12.Ba2b3 d5
13.exd5 exd5
14.Rf1e1 O-O
15.Qd1e2 h6
16.Qe2xe7 Qd8xe7
17.Re1xe7 f5
18.Nf3e5 Rf8f6
19.Re7c7 Rf6f8
20.Ne5xc6 Bc8e6
21.Nc6xb8 Ra8xb8
22.Bd2f4 Rb8d8
23.Rc7c6 Be6f7
24.Rc6xa6 Bf7e8
25.Ra6d6 Be8f7
26.Rd6xd8 Rf8xd8
27.Nb1d2 Rd8c8
28.Ra1c1 Bg7xd4
29.Nd2f3 Bd4b6
30.Bf4e5 Bf7e6
31.Nf3d4 Bb6xd4
32.Be5xd4 Kf7
33.a4 bxa4
34.Bb3xa4 Rc8a8
35.Ba4c6 Ra8b8
36.Rc1a1 Kg8
37.Ra1a8 Rb8xa8
38.Bc6xa8 Kf8
39.b5 Ke8
40.b6 Be6c8
41.f4 Kd7
42.Kf2 Bc8a6
43.Ba8xd5 Kc8
44.Bd5f7 g5
45.g3 Ba6b7
46.c4 Bb7e4
47.c5 Kb7
48.Ke2 g4
49.Kd2 Kc6
50.Kc3 Kb7
51.Bd4g7 Kc6
52.Kd4 Kb7
53.Bf7d5 Be4xd5
54.Kxd5 h5
55.Ke5 Kc8
56.c6 Kb8
57.Kxf5 Kc8
58.Ke6 Kb8
59.Ke7 Kc8
60.f5 Kb8
61.f6 h4
62.f7 h3
63.f8R 1-0

[Event "Défi"]
[Site "www.echecsemail.com"]
[Date "2026.01.28"]
[Round "1"]
[White "Superman"]
[Black "Calcedoine"]
[WhiteElo "1760"]
[BlackElo "1810"]
[Result "0-1"]
1.e4 e5
2.Ng1f3 Nb8c6
3.Bf1b5 a6
4.Bb5xc6 dxc6
5.O-O Bf8d6
6.c3 c5
7.d3 Ng8h6
8.Nb1a3 b5
9.Rf1e1 Qd8e7
10.Bc1xh6 gxh6
11.d4 Bc8g4
12.d5 Rh8g8
13.h3 Bg4xh3
14.g3 Kd7
15.Na3c2 c4
16.Qd1d2 Bh3g4
17.Nf3h2 Ra8f8
18.Qd2xh6 f5
19.Nh2xg4 fxg4
20.Kg2 Rg8g6
21.Qh6e3 Rf8f3
22.Qe3a7 Bd6c5
23.Qa7a8 Rf3xf2
24.Kh1 Rg6h6
25.Kg1 Rf2xc2
26.Kf1 Qe7f6
0-1

[Event "Défi"]
[Site "www.echecsemail.com"]
[Date "2026.01.28"]
[Round "1"]
[White "Cocola34"]
[Black "Ozon"]
[WhiteElo "1630"]
[BlackElo "1630"]
[Result "0-1"]
1.e4 e5
2.h4 Ng8f6
3.f3 Nb8c6
4.c3 d5
5.d3 Bc8e6
6.a3 Bf8d6
7.b4 O-O
8.g4 b6
9.Bf1g2 dxe4
10.dxe4 Qd8d7
11.Ng1e2 b5
12.Bc1g5 Bd6e7
13.Bg5xf6 Qd7xd1
14.Kxd1 Be7xf6
15.g5 Ra8d8
16.Nb1d2 Bf6e7
17.f4 Be6g4
18.f5 Rd8d3
19.Bg2f1 Rf8d8
20.Ra1a2 Bg4f3
21.Rh1h2 Rd3xc3
22.Ke1 Bf3xe2
23.Rh2xe2 Nc6d4
24.Re2h2 a6
25.Kf2 Nd4c2
26.Kg1 Nc2xa3
27.Rh2f2 Be7xb4
28.Nd2f3 Bb4c5
29.Nf3xe5 Bc5xf2
30.Kxf2 Rd8a8
31.Bf1e2 c5
32.Ra2d2 Na3c4
33.Rd2d5 Nc4xe5
34.Rd5xe5 c4
35.h5 f6
36.gxf6 gxf6
37.h6 fxe5
{ abandon }0-1

[Event "Coupe Niveau 6"]
[Site "www.echecsemail.com"]
[Date "2026.01.28"]
[Round "1"]
[White "Alain64"]
[Black "Orosco"]
[WhiteElo "2090"]
[BlackElo "2220"]
[Result "0-1"]
1.f4 d5
2.Ng1f3 Ng8f6
3.e3 c5
4.b3 e6
5.Bc1b2 Bf8e7
6.Bf1b5 Nb8d7
7.O-O O-O
8.d4 a6
9.Bb5xd7 Bc8xd7
10.Nb1d2 Ra8c8
11.c4 b5
12.Nf3e5 cxd4
13.exd4 bxc4
14.bxc4 dxc4
15.Nd2xc4 Bd7b5
16.Ra1c1 Nf6d5
17.Qd1b3 Qd8e8
18.Kh1 f6
19.Ne5g4 Bb5xc4
20.Rc1xc4 Rc8b8
21.Qb3c2 h5
22.Rf1e1 hxg4
23.Bb2c1 Qe8d7
24.Qc2e2 Rf8c8
25.Rc4xc8 Rb8xc8
26.Qe2xg4 Rc8c2
27.h4 f5
28.Qg4g3 Qd7c6
29.Bc1a3 Rc2c3
{ abandon }0-1

[Event "Tournoi n27400"]
[Site "www.echecsemail.com"]
[Date "2026.01.28"]
[Round "1"]
[White "Emmanuel"]
[Black "Alain64"]
[WhiteElo "1950"]
[BlackElo "2090"]
[Result "0-1"]
1.e4 c5
2.Nb1c3 Nb8c6
3.Ng1f3 d6
4.Bf1b5 Bc8g4
5.h3 Bg4xf3
6.Qd1xf3 a6
7.Bb5xc6 bxc6
8.O-O Qd8c7
9.d3 g6
10.Nc3e2 Bf8g7
11.c3 Ng8f6
12.h4 h5
13.Qf3g3 e5
14.f3 O-O
15.Qg3e1 d5
16.Ne2g3 Rf8e8
17.Ra1b1 a5
18.b3 a4
19.a3 axb3
20.Rb1xb3 Re8b8
21.Qe1d1 Nf6d7
22.Rf1f2 Bg7f6
23.Rf2a2 Rb8xb3
24.Qd1xb3 Bf6xh4
25.Ng3e2 Ra8b8
26.Qb3c2 Bh4e7
27.Kf2 c4
28.dxc4 Be7c5
29.Kf1 dxc4
30.a4 Qc7d8
31.g3 Bc5a7
32.a5 Nd7c5
33.Bc1e3 h4
34.Kg2 hxg3
35.Ne2xg3 Nc5d3
36.Qc2e2 Nd3f4
37.Be3xf4 exf4
38.Ng3f1 Qd8g5
39.Kh3 Rb8b1
40.Qe2h2 Rb1xf1
41.Qh2g2 Qg5h5
0-1

[Event "Défi"]
[Site "www.echecsemail.com"]
[Date "2026.01.28"]
[Round "1"]
[White "Bibisept"]
[Black "Caraca2"]
[WhiteElo "1980"]
[BlackElo "1760"]
[Result "1-0"]
1.d4 d5
2.c4 dxc4
3.e4 b5
4.a4 Bc8d7
5.axb5 Bd7xb5
6.Nb1c3 Bb5a6
7.Ng1f3 e6
8.Qd1a4 Qd8d7
9.Qa4xd7 Nb8xd7
10.Ra1xa6 Ng8f6
11.Bf1xc4 Bf8b4
12.Nf3d2 O-O
13.f3 c5
14.Nc3b5 cxd4
15.Nb5xd4 Rf8c8
16.b3 Nd7c5
17.Ra6c6 Rc8d8
18.Bc1b2 Bb4xd2
19.Kxd2 Nc5b7
20.Ke3 Nb7a5
21.Rc6c7 Na5xc4
22.bxc4 h6
23.Nd4c6 Rd8d7
24.Rc7xd7 Nf6xd7
25.Rh1d1 Nd7b6
26.Kd4 e5
27.Kd3 f6
28.Nc6e7 Kf7
29.Ne7d5 Ra8d8
30.Bb2a3 a5
31.Rd1b1 Nb6xd5
32.exd5 f5
33.Rb1b7 Kg6
34.Rb7a7 Rd8b8
35.Ra7xa5 Rb8b1
36.d6 Rb1d1
37.Ke2 Rd1xd6
38.Ba3xd6 { abandon }1-0